Cơ sở điện hạt nhân
Shranjeno v:
| Glavni avtor: | |
|---|---|
| Format: | Knjiga |
| Jezik: | Undetermined |
| Izdano: |
H.
ĐHQG
2000
|
| Teme: | |
| Oznake: |
Označite
Brez oznak, prvi označite!
|
| Thư viện lưu trữ: | Trung tâm Học liệu Trường Đại học Cần Thơ |
|---|
| LEADER | 00528nam a2200193Ia 4500 | ||
|---|---|---|---|
| 001 | CTU_41907 | ||
| 008 | 210402s9999 xx 000 0 und d | ||
| 020 | |b 21.200đ | ||
| 082 | |a 333.7924 | ||
| 082 | |b H513 | ||
| 100 | |a Phạm Quốc Hùng | ||
| 245 | 0 | |a Cơ sở điện hạt nhân | |
| 245 | 0 | |c Phạm Quốc Hùng | |
| 260 | |a H. | ||
| 260 | |b ĐHQG | ||
| 260 | |c 2000 | ||
| 650 | |a nuclear energy | ||
| 904 | |i Nguyễn Quang Điền, 010615 | ||
| 980 | |a Trung tâm Học liệu Trường Đại học Cần Thơ | ||